Logo BPK

Biblioteka

Politechniki Koszalińskiej

Elementy geotechniki w inżynierii sanitarnej / (Rekord nr 21860)

Szczegóły MARC
000 -ETYKIETA REKORDU
podpole kontrolne o stałej długości 00624nam a2200205 i 4500
001 - NUMER KONTROLNY REKORDU
pole kontrolne bg
040 ## - ŹRÓDŁO KATALOGOWANIA
Instytucja, która utworzyła rekord BPK
041 ## - KOD JĘZYKA
Kod języka tekstu pol
080 ## - UNIWERSALNA KLASYFIKACJA DZIESIĘTNA - UKD
UKD 624.1(075.8)
008 - POLE O STAŁEJ DŁUGOŚCI - DANE KONTROLNE
podpole kontrolne o stałej długości s pl f |000 0 pol
100 1# - NAZWA OSOBOWA
Nazwa osobowa Glinicki, Stanisław Paweł
Daty związane z nazwą (1921-2008).
245 #0 - TYTUŁ/ODPOWIEDZIALNOŚĆ
Tytuł Elementy geotechniki w inżynierii sanitarnej /
Pozostałe elementy strefy tytułu i oznaczenia odpowiedzialności Stanisław P. Glinicki, Wincenty Mrozek.
260 ## - STREFA ADRESU WYDAWNICZEGO
Miejsce wydania [Białystok] :
Nazwa wydawcy/dystrybutora Wydawn. Polit. Białost.,
Data publikacji, dystrybucji/powstania dokumentu [1983].
300 ## - STREFA OPISU FIZYCZNEGO
Objętość s. 143 :
Inne cechy fizyczne ilustr., rys., tab.
490 1# - STREFA SERII I DOKUMENTU WIELOCZĘŚCIOWEGO - FORMA NIE DO WYSZUKIWANIA
Tytuł i oznaczenie odpowiedzialności serii Skrypty PB
504 ## - UWAGA DOTYCZĄCA BIBLIOGRAFII
Informacje o bibliografii [Zawiera bibliogr. s. 142-143].
700 1# - HASŁO DODATKOWE - NAZWA OSOBOWA
Nazwa osobowa Mrozek, Wincenty.
830 ## - HASŁO DODATKOWE SERII LUB DOKUMENTU WIELOCZĘŚCIOWEGO - TYTUŁ UJEDNOLICONY
Tytuł ujednolicony Skrypty PB
856 ## - LOKALIZACJA I DOSTĘP DO ELEKTRONICZNYCH DOKUMENTÓW ZDALNYCH
Link (URL) http://koha.tu.koszalin.pl/cgi-bin/koha/opac-detail.pl?biblionumber=21860
Tekst linku Katalog online BPK
942 ## - DODATKOWE ELEMENTY (KOHA)
Typ dokumentu Książka
Egzemplarze
Wycofany Status egzemplarza Uszkodzony Dostępność Lokalizacja stała Lokalizacja bieżąca Miejsce przechowywania Sygnatura Kod kreskowy Typ dokumentu
      Dostępny Biblioteka Politechniki Koszalińskiej Biblioteka Politechniki Koszalińskiej Wypożyczalnia BG 30728 01574333 Książka
© 2023 Biblioteka Politechniki Koszalińskiej :: KOHA